000 00936nmc a2200301 a 4500
003 AR-BaBNM
005 20251128211638.0
008 065020s2003 ||||||||||||||000 | spa||
020 _a958-682-483-7
040 _cAR-BaBNM
245 1 0 _aAprendizaje permanente en la economía global del conocimiento
_bdesafíos para los países en desarrollo
260 _aMéxico
_bAlfaomega
_c2003
300 0 _a152 p.
_btablas
490 0 _aOrientaciones para el desarrollo
500 0 _aIndice analítico en p. 129-152
504 _aReferencias bibliográficas en p. 113-128
650 4 _aEDUCACION PERMANENTE
650 4 _aECONOMIA DE LA EDUCACION
650 4 _aDEMANDA DE EDUCACION
650 4 _aCOMPETENCIAS
650 4 _aEDUCACION Y DESARROLLO
653 _aGLOBALIZACION
653 _aPOLITICAS DE CONOCIMIENTO
653 _aFINANCIAMIENTO EDUCATIVO
710 2 _aBanco Mundial
942 _cBK
998 _cmaria eugenia
999 _c20571
_d20571